Normal view
MARC view
Entry Personal Name
001 - CONTROL NUMBER
- control field: 77222
003 - CONTROL NUMBER IDENTIFIER
- control field: dpl
005 - DATE AND TIME OF LATEST TRANSACTION
- control field: 20250128142453.0
008 - FIXED-LENGTH DATA ELEMENTS
- fixed length control field: 250128|| aca||aabn | a|a d
040 ## - CATALOGING SOURCE
- Original cataloging agency: dpl
- Transcribing agency: dpl
100 ## - HEADING--PERSONAL NAME
- Personal name: Khanka, S S
670 ## - SOURCE DATA FOUND
- Source citation: Work cat.: (dpl)182732: Khanka, S S., Human Resource Management/, 2019,2023(rep)
